000 01030cam a2200313 i 4500
001 3823
003 Mx-PuUPA
005 20250620093025.0
008 140415s2024 a dr 000 0 spa d
040 _aMx-PuUPA
_bspa
_cMx-PuUPA
_dMx-PuUPA
_erda
041 0 _aspa
043 _an-mx---
100 0 _aEFS,
_q(Enrique Flores Sandoval),
_917232
_eautor
245 1 3 _aLa leyenda del cacao /
_cEFS ; ilustraciones, Sareki López
250 _aPrimera edición
264 1 _aTlaxcala, México :
_bEditorial Cómictlan,
_c2024
300 _a35 páginas :
_c20 cm
336 _2rdacontent
_atexto
_btxt
336 _2rdacontent
_aimagen fija
_bsti
337 _2rdamedia
_asin medio
_bn
338 _2rdacarrier
_avolumen
_bnc
650 7 _2armarc
_aCacao
_xLeyendas indígenas
_zMéxico
650 7 _2armarc
_aCuentos infantiles
650 7 _2armarc
_aPlantas
_xLeyendas
_zMéxico
700 1 _aLópez, Sareki,
_eilustrador
_916908
942 _2ddc
_cLI
_h398.242
_iE27
999 _c3823
_d3823